000 00515nam a2200133Ia 4500
008 260210s9999 xx 000 0 und d
024 _a02A-028-CE, 02A-012-CE, 02A-023-CE, 02A-011-CE & 02A-001-CE
082 _a621.317072 ANI
100 _aShahryar Ali Anis, Muzzammil Ahsan Bader, Syed Hamid Ali, Waqas Hassan Qazi & Syed Nabeel Anwer
245 0 _aIntelli Energy Monitoring System
260 _aKarachi:
_bUITU,
_c2002
600 _aComputer System Engineering
650 _aBachelor of Engineering (BE)
999 _c32676
_d32676